Religion, terror and violence : religious studies perspectives
Αποθηκεύτηκε σε:
| Άλλοι συγγραφείς: | , |
|---|---|
| Μορφή: | Βιβλίο |
| Γλώσσα: | English |
| Δημοσίευση: |
New York ; London :
Routledge,
[2008]
|
| Θέματα: | |
| Ετικέτες: |
Προσθήκη ετικέτας
Δεν υπάρχουν, Καταχωρήστε ετικέτα πρώτοι!
|
MARC
| LEADER | 00000nam a2200000 i 4500 | ||
|---|---|---|---|
| 001 | 1/95239 | ||
| 008 | 081013s2008 eng d | ||
| 020 | |a 978-0-415-44231-2 | ||
| 020 | |a 0-415-44231-1 | ||
| 035 | |l 10100798 | ||
| 040 | |a GR-MY-UA |b gre |e aacr | ||
| 041 | 0 | |a eng | |
| 082 | 0 | |a 201.763325 |2 (22) | |
| 245 | 1 | 0 | |a Religion, terror and violence : |b religious studies perspectives / |c edited by Bryan Rennie and Philip L. Tite |
| 260 | |a New York ; London : |b Routledge, |c [2008] | ||
| 300 | |a xviii, 290 σ.; |b φωτ.; |c 23 εκ. | ||
| 504 | |a Περιλαμβάνει βιβλιογραφίες και ευρετήριο | ||
| 650 | 0 | 0 | |a Violence |x Religious aspects. |
| 650 | 0 | 0 | |a Terrorism |x Religious aspects. |
| 650 | 0 | 0 | |a Religion |x Social aspects. |
| 700 | 1 | |a Rennie, Bryan S. |d 1954- |4 edt | |
| 700 | 1 | |a Tite, Philip L. |d 1969- |4 edt | |
| 852 | |a INST |b RHODES |e 20081013 |h 201.763325 REL |p 005400031074 |q 005400031074 |t BK |y 0 | ||
| 901 | |a BIBL4-2008-3 | ||
| 909 | |a Ρ |b 153849 | ||
| 922 | |a 4ΕΛΗ |b 200809 |c ΕΠΕΑΕΚ2/ΠΤΔΕ |d ΜΙΧΑΛΟΠΟΥΛΟΣ | ||
| 970 | |a ΧΑΡΙΟΠΟΛΙΤΟΥ |b ΚΩΝΣΤΑΝΤΙΝΑ |z 2008/10/13 | ||